[Event "Regionalliga SO9495"]
[Site "Bayern"]
[Date "1994.??.??"]
[Round "2"]
[White "Von Werner, Konrad"]
[Black "Jergler, Karl Heinz"]
[Result "1/2-1/2"]
[WhiteElo "2070"]
[BlackElo "2120"]

1.e4 c5 2.Nf3 Nc6 3.Bb5 e6 4.O-O Nge7 5.c3 d5 6.d3 a6 7.Ba4 b5 8.Bc2 Bb7
9.Nbd2 Ng6 10.Re1 Be7 11.exd5 exd5 12.d4 cxd4 13.cxd4 O-O 14.Nf1 Bf6 15.Ng3 Qd6
16.Be3 Rae8 17.Nf5 Qd8 18.Rc1 Nce7 19.Ng3 Qd6 20.Nh5 Bc8 21.Nxf6+ Qxf6 22.h3 Qd6
23.a3 Bd7 24.Bd2 Nc6 25.Bd3 Rxe1+ 26.Bxe1 Nf4 27.Bf1 Qg6  1/2-1/2

[Event "Regionalliga NO9495"]
[Site "Bayern"]
[Date "1994.??.??"]
[Round "4"]
[White "Steibl, Hans Dieter"]
[Black "Schamberger, Alfons"]
[Result "1-0"]
[WhiteElo "2030"]
[BlackElo "2000"]

1.e4 c5 2.Nf3 Nc6 3.Bb5 g6 4.O-O Bg7 5.c3 Qb6 6.Qe2 Nf6 7.Na3 O-O 8.d3 d5
9.Bg5 dxe4 10.dxe4 Bg4 11.h3 Bxf3 12.Qxf3 h6 13.Bf4 Nh5 14.Bh2 a6 15.Bxc6 Qxc6
16.Qe2 Nf6 17.e5 Nd5 18.Nc4 b5 19.Nd2 Nb6 20.c4 Rfd8 21.b3 Rd4 22.cxb5 axb5
23.Rfe1 Rad8 24.Nf3 Rd3 25.Rac1 Qd5 26.Bf4 c4 27.e6 cxb3 28.axb3 Rf8 29.Be3 Nc8
30.exf7+ Kxf7 31.Rc5 Qxb3 32.Bxh6 Bxh6 33.Ne5+ Kg7 34.Nxd3  1-0

[Event "Regionalliga NO9495"]
[Site "Bayern"]
[Date "1994.??.??"]
[Round "4"]
[White "Steibl, Hans Dieter"]
[Black "Kroneder, Hans Christian"]
[Result "1/2-1/2"]
[WhiteElo "2030"]
[BlackElo "2030"]

1.e4 c5 2.Nf3 Nc6 3.Bb5 g6 4.O-O Bg7 5.c3 e5 6.d4 cxd4 7.cxd4 exd4 8.Bf4 Nge7
9.e5 O-O 10.Nbd2 a6 11.Bd3 d6 12.exd6 Nd5 13.Bg3 Bg4 14.h3 Be6 15.a3 f5 16.Re1 Bf7
17.Nc4 b5 18.Ncd2 h6 19.Rc1 Rc8 20.Be5 Nxe5 21.Nxe5 Rxc1 22.Qxc1 Qxd6 23.Ndf3 Re8
24.Nxf7 Rxe1+ 25.Qxe1 Kxf7 26.a4 Nf4 27.Bc2 d3 28.Bb3+ Kf8 29.axb5 axb5 30.Qa5 Bxb2
31.Qa8+ Ke7 32.Qa7+ Kd8 33.Qa5+ Qc7 34.Qxb5 Ne2+ 35.Kh1 Qc1+ 36.Kh2 Qf4+
37.Kh1 Qc1+ 38.Kh2 Qc7+ 39.Kh1 Qc1+ 40.Kh2 Qf4+ 41.Kh1  1/2-1/2

[Event "JUG-chT Cup"]
[Site "Becici"]
[Date "1994.??.??"]
[Round "?"]
[White "Kovacevic, Dragan"]
[Black "Cabrilo, Goran"]
[Result "1/2-1/2"]
[WhiteElo "2365"]
[BlackElo "2480"]

1.e4 c5 2.Nf3 Nc6 3.Bb5 g6 4.O-O Bg7 5.Re1 Nf6 6.c3 O-O 7.d4 cxd4 8.cxd4 d5
9.e5 Ne4 10.Nbd2 Qb6 11.Bxc6 Qxc6 12.Nf1 f6 13.Ne3 Be6 14.Re2 Rac8 15.exf6 exf6
16.Ne1 Qb6 17.f3 Nd6 18.N3c2 Rfe8 19.Bf4 Bf7 20.b3 Nf5 21.Rf2 g5 22.Bc1 Bg6
23.Qd2 Re6 24.g4 Nh4 25.Ne3 Rce8 26.N1g2 Nxg2 27.Nxg2 Qb5 28.Qc3 Rc6 29.Qb2 Qd3
30.Qd2 Qxd2 31.Rxd2 f5 32.gxf5 Bxf5 33.Bb2 Rce6 34.Kf2 g4 35.Nf4 Re3 36.fxg4 Bxg4
37.Nxd5 Re2+ 38.Rxe2 Rxe2+ 39.Kg3 Bd7 40.Ba3 Bxd4 41.Rd1 Be5+ 42.Kf3 Rxa2
43.Ne7+ Kf7 44.Rxd7 Ke6 45.Rxb7 Rxa3 46.Nc6  1/2-1/2

[Event "JUG-chT Cup"]
[Site "Becici"]
[Date "1994.??.??"]
[Round "?"]
[White "Spasov, Vasil"]
[Black "Vukovic, Zdravko"]
[Result "1/2-1/2"]
[WhiteElo "2540"]
[BlackElo "2435"]

1.e4 c5 2.Nf3 Nc6 3.Bb5 Nf6 4.Nc3 g6 5.h3 Qc7 6.O-O Bg7 7.Re1 e5 8.d3 h6
9.Bxc6 dxc6 10.Be3 b6 11.Qd2 g5 12.Nh2 Nh5 13.a3 Be6 14.Ne2 Rd8 15.Qc3 O-O
16.b4 cxb4 17.axb4 Nf4 18.Ng3 Qd7 19.Kh1 h5 20.Qa3 h4 21.Ne2 Ra8 22.f3 a5
23.Nc3 Rfb8 24.bxa5 Bf8 25.Qc1 Bb4 26.Na4 Rxa5 27.Nxb6 Qc7 28.c3 Nxd3 29.cxb4 Nxc1
30.bxa5 Nb3 31.a6 Nxa1 32.Rxa1 c5 33.a7 Qxb6 34.Bxc5 Qb2 35.axb8=Q+  1/2-1/2

[Event "JUG-chT Cup"]
[Site "Becici"]
[Date "1994.??.??"]
[Round "?"]
[White "Barlov, Dragan"]
[Black "Damljanovic, Branko"]
[Result "1/2-1/2"]
[WhiteElo "2500"]
[BlackElo "2560"]

1.e4 c5 2.Nf3 Nc6 3.Bb5 g6 4.O-O Bg7 5.h3 e5 6.Bxc6 dxc6 7.b3 Nh6 8.Bb2 f6
9.Qe2 Nf7 10.c3 O-O 11.d4 exd4 12.cxd4 cxd4 13.Bxd4 Re8 14.Nbd2 b6 15.Rfe1 c5
16.Bb2 Bb7 17.Qc4 Qd7 18.a4 Re6 19.b4 cxb4 20.Qxb4 Rae8 21.Rad1 Rd6 22.Nd4 Bf8
23.Bc3 Rc8 24.N2f3 Ba6 25.Qb2 Ne5 26.Qa1 Rd8 27.Rb1 Nd3 28.Re3 Nc5 29.a5 Qa4  1/2-1/2

[Event "JUG-chT Cup"]
[Site "Becici"]
[Date "1994.??.??"]
[Round "?"]
[White "Dragovic, Momcilo"]
[Black "Cabrilo, Goran"]
[Result "1/2-1/2"]
[WhiteElo "2390"]
[BlackElo "2480"]

1.e4 c5 2.Nf3 Nc6 3.Bb5 g6 4.O-O Bg7 5.Re1 Nf6 6.c3 O-O 7.e5 Nd5 8.d4 cxd4
9.cxd4 d6 10.Nc3 Nc7 11.Bxc6 bxc6 12.Bg5 f6 13.exd6 exd6 14.Bd2 Rb8 15.b3 Be6
16.Ne4 Bd5 17.Ba5 Qd7 18.Bxc7 Qxc7 19.Nc3 Bf7 20.d5 c5 21.Qd3 Rfe8 22.Rad1 f5
23.Nb5 Qd7 24.Na3 h6 25.h4 Bf6 26.Nc4 Rxe1+ 27.Rxe1 Re8 28.Rxe8+ Bxe8 29.Qe3 Kg7
30.Nxd6 Qxd6 31.Qxe8 Qxd5 32.h5 gxh5 33.Qxh5 Qe4 34.Kh2 c4  1/2-1/2

[Event "JUG-chT Cup"]
[Site "Becici"]
[Date "1994.??.??"]
[Round "?"]
[White "Vujosevic, Vladimir"]
[Black "Kovacevic, Predrag"]
[Result "1/2-1/2"]
[WhiteElo "2355"]
[BlackElo "2400"]

1.e4 c5 2.Nf3 Nc6 3.Bb5 d6 4.O-O Bd7 5.c3 Nf6 6.Re1 a6 7.Ba4 b5 8.Bc2 Bg4
9.h3 Bxf3 10.Qxf3 g6 11.a4 Rb8 12.axb5 axb5 13.Na3 Nd7 14.Qe2 Qb6 15.d3 Bg7
16.Be3 O-O 17.Qd2 Ra8 18.Rad1 Qa6 19.Bh6 Bxh6 20.Qxh6 Qb6 21.Bb1 Rfb8 22.Qe3 Na5
23.Ba2 b4 24.Nc4 Nxc4 25.Bxc4 bxc3 26.bxc3 Ra3 27.Rb1 Qxb1 28.Rxb1 Rxb1+
29.Kh2 Ne5 30.Qg5 Nxc4 31.dxc4 Ra2 32.Qxe7 Rxf2 33.e5 Rbb2 34.e6 Rxg2+ 35.Kh1 Rgf2
36.Kg1 Rg2+ 37.Kh1 Rgf2 38.Kg1 fxe6 39.Qxe6+ Kg7 40.Qe7+ Rf7 41.Qxd6 Rf5
42.Qe7+ Kg8 43.Qe8+ Kg7 44.Qe7+ Kh6 45.Qh4+ Rh5 46.Qf4+ Rg5+ 47.Kf1 Kh5 48.Qf3+ Kh4
49.Qf4+ Kh5 50.Qf3+  1/2-1/2

[Event "Belgrade Trako"]
[Site "Belgrade"]
[Date "1994.??.??"]
[Round "1"]
[White "Simic, Radoslav"]
[Black "Bogdanovski, Vlatko"]
[Result "1/2-1/2"]
[WhiteElo "2495"]
[BlackElo "2515"]

1.e4 c5 2.Nf3 Nc6 3.Bb5 e6 4.O-O Nge7 5.Re1 a6 6.Bxc6 Nxc6 7.d4 cxd4 8.Nxd4 Qc7
9.Nxc6 dxc6 10.Nc3 Be7 11.Be3 O-O 12.a4 c5 13.Qh5 g6 14.Qh6  1/2-1/2

[Event "Belgrade (Women)"]
[Site "Belgrade"]
[Date "1994.??.??"]
[Round "5"]
[White "Stefanova, Antoaneta"]
[Black "Galliamova, Alisa"]
[Result "0-1"]
[WhiteElo "2360"]
[BlackElo "2450"]

1.e4 c5 2.Nf3 Nc6 3.Bb5 e6 4.Bxc6 bxc6 5.b3 f6 6.O-O Nh6 7.d4 Nf7 8.Ba3 cxd4
9.Bxf8 Kxf8 10.Nxd4 e5 11.Ne2 d5 12.exd5 cxd5 13.f4 g6 14.fxe5 fxe5 15.c4 d4
16.Ng3 Qe7 17.Nd2 Kg7 18.Qe2 h5 19.h3 h4 20.Nge4 Bf5 21.c5 Rhd8 22.b4 d3
23.Qe3 Rd4 24.a3 Qe6 25.Rfe1 a5 26.b5 Qd5 27.Nf2 Qxc5 28.Nb3 Qc3 29.Nxd4 exd4
30.Qf3 d2 31.Red1 Qxf3 32.gxf3 Ne5 33.f4 Nc4 34.Ra2 d3 35.Raxd2 Nxd2 36.Rxd2 Rd8
37.Kg2 Rb8 38.a4 Rd8 39.Kf3 Rd4 40.b6 Rb4 41.Nxd3 Rxb6 42.Nc5 Rb1 43.Re2 Rh1
44.Ne6+ Kf6 45.Ng5 Rf1+ 46.Ke3 Ra1 47.Nf3 Rxa4 48.Nxh4 Ra3+ 49.Kf2 Rxh3 50.Ng2 a4
51.Re1 a3 52.Ne3 Be6 53.Ke2 a2 54.Kd3 Bf5+ 55.Kd4 Bb1 56.Nd5+ Kf5 57.Re5+ Kg4  0-1

[Event "Berga op"]
[Site "Berga"]
[Date "1994.??.??"]
[Round "3"]
[White "Lupu, Smaranda  B"]
[Black "Lupu, Mircea Sergiu"]
[Result "0-1"]
[WhiteElo "2135"]
[BlackElo "2430"]

1.e4 c5 2.Nf3 Nc6 3.Bb5 g6 4.Bxc6 bxc6 5.O-O Bg7 6.Re1 Nh6 7.d4 cxd4 8.Nxd4 e5
9.Nf3 f6 10.c4 O-O 11.Nc3 Qe7 12.b3 Nf7 13.a4 Rd8 14.Ba3 Qe6 15.Qc2 a5 16.Rad1 Ba6
17.Ne2 Bf8 18.Bxf8 Kxf8 19.Nc1 d6 20.Qc3 Qc8 21.Rd2 Qc7 22.Red1 Bb7 23.Qc2 Rab8
24.Ne2 Ba8 25.Nc3 Qb6 26.Rb1 Kg7 27.Ne1 Ng5 28.Qd1 Qc7 29.c5 dxc5 30.Nc2 Ne6
31.Ne3 Rd4 32.Nc4 Rbd8 33.Rbb2 Bb7 34.Qg4 Bc8 35.h4 h5 36.Qf3 Ba6  0-1

[Event "Berliner Sommer"]
[Site "Berlin"]
[Date "1994.??.??"]
[Round "?"]
[White "Velikhanli, Firuza"]
[Black "Pigusov, Evgeny"]
[Result "0-1"]
[WhiteElo "2315"]
[BlackElo "2575"]

1.e4 c5 2.Nf3 Nc6 3.Bb5 g6 4.O-O Bg7 5.c3 e5 6.d3 Nge7 7.Be3 d6 8.d4 exd4
9.cxd4 O-O 10.Nc3 Qb6 11.dxc5 dxc5 12.Bxc6 Qxc6 13.Rc1 b6 14.b4 Ba6 15.Re1 Rfd8
16.Qb3 c4 17.Qb1 Bb7 18.b5 Qe6 19.Ng5 Qf6 20.Red1 h6 21.Nf3 Rxd1+ 22.Nxd1 Qe6
23.Nd2 Rc8 24.Nc3 f5 25.f3 Nd5 26.Nxd5 Bxd5 27.Re1 fxe4 28.Nxe4 c3 29.Qc1 Kh7
30.a3 Bxe4 31.fxe4 c2 32.Bf4 Qb3 33.e5 Qxb5 34.e6 Bb2  0-1

[Event "Berliner Sommer"]
[Site "Berlin"]
[Date "1994.??.??"]
[Round "?"]
[White "Nikolenko, Oleg"]
[Black "Frolov, Artur"]
[Result "1-0"]
[WhiteElo "2475"]
[BlackElo "2540"]

1.e4 c5 2.Nf3 Nc6 3.Bb5 e6 4.O-O Nge7 5.Re1 a6 6.Bxc6 Nxc6 7.d4 cxd4 8.Nxd4 Be7
9.Nxc6 dxc6 10.Qxd8+ Bxd8 11.e5 Bc7 12.a4 b5 13.Nd2 f6 14.exf6 gxf6 15.Ne4 Kf7
16.Ra3 e5 17.h3 Bf5 18.Rc3 Bxe4 19.Rxe4 Rad8 20.Rxc6 Rd1+ 21.Kh2 Rc8 22.Be3 f5
23.Rh4 Kg7 24.g3 Rd6 25.Rc5 Rd7 26.axb5 f4 27.gxf4 exf4 28.Rg4+ Kh8 29.Rxc7 Rcxc7
30.Bxf4 Rc5 31.bxa6 h5 32.Be3 Ra5 33.Rd4  1-0

[Event "Berliner Sommer"]
[Site "Berlin"]
[Date "1994.??.??"]
[Round "?"]
[White "Gershon, Alik"]
[Black "Richter, S."]
[Result "1-0"]
[WhiteElo "2355"]
[BlackElo "2165"]

1.e4 c5 2.Nf3 Nc6 3.Bb5 g6 4.Bxc6 dxc6 5.h3 Bg7 6.d3 e5 7.Be3 Qe7 8.Qd2 Nf6
9.Bh6 O-O 10.Bxg7 Kxg7 11.Nc3 Ne8 12.g4 Nc7 13.Ne2 f6 14.O-O-O Be6 15.Kb1 Rad8
16.Qe3 b5 17.Rdg1 b4 18.Ng3 Kh8 19.b3 Nb5 20.g5 Nc3+ 21.Kb2 a5 22.h4 a4 23.h5 Bf7
24.gxf6 Qxf6 25.Qxc5 axb3 26.axb3 Ra8 27.Ra1  1-0

[Event "Berliner Sommer"]
[Site "Berlin"]
[Date "1994.??.??"]
[Round "?"]
[White "Glek, Igor V"]
[Black "Kleeschaetzky, Ralf"]
[Result "1-0"]
[WhiteElo "2615"]
[BlackElo "2290"]

1.e4 c5 2.Nf3 Nc6 3.Bb5 g6 4.Bxc6 dxc6 5.h3 Bg7 6.d3 e5 7.O-O Ne7 8.a3 a5
9.Nbd2 f6 10.Nc4 Be6 11.Be3 b6 12.b4 axb4 13.axb4 Rxa1 14.Qxa1 b5 15.Na5 cxb4
16.Nb7 Qb8 17.Nc5 Bf7 18.Rb1 b3 19.cxb3 Qd8 20.d4 exd4 21.Bxd4 O-O 22.Ng5 Qd6
23.Rd1 h6 24.Nf3 Be8 25.Be3 Qb8 26.Ne6 Bf7 27.Nxf8 Qxf8 28.Qa5  1-0

[Event "Berliner Sommer"]
[Site "Berlin"]
[Date "1994.??.??"]
[Round "?"]
[White "Glek, Igor V"]
[Black "Mueller, Michael"]
[Result "1-0"]
[WhiteElo "2615"]
[BlackElo "2320"]

1.e4 c5 2.Nf3 Nc6 3.Bb5 d6 4.O-O Bd7 5.Re1 e5 6.c3 Qb6 7.Na3 Be7 8.d4 Rd8
9.dxc5 dxc5 10.Qe2 Qc7 11.Nc4 Bf6 12.Ne3 Nge7 13.h3 O-O 14.Ng4 Bxg4 15.hxg4 Ng6
16.g3 a6 17.Bc4 Rd7 18.g5 Be7 19.Kg2 Rfd8 20.Rh1 b5 21.Bd5 Bd6 22.Nh4 Nce7
23.c4 Nxd5 24.cxd5 Nxh4+ 25.Rxh4 g6 26.Be3 Rf8 27.Qf3 f5 28.gxf6 Rdf7 29.Qg4 Rxf6
30.Rf1 Qc8 31.Qg5 Qe8 32.Rfh1 R8f7 33.Qxf6 Rxf6 34.Rxh7 Qf8 35.Rh8+ Kf7 36.Bg5  1-0

[Event "Berliner Sommer"]
[Site "Berlin"]
[Date "1994.??.??"]
[Round "?"]
[White "Laesson, Tuulikki"]
[Black "Zontakh, Andrey"]
[Result "1/2-1/2"]
[WhiteElo "2245"]
[BlackElo "2440"]

1.e4 c5 2.Nf3 Nc6 3.Bb5 e6 4.O-O Nge7 5.Re1 a6 6.Bxc6 Nxc6 7.d4 cxd4 8.Nxd4 d6
9.Nc3 Be7 10.Nxc6 bxc6 11.Qg4 Kf8 12.Be3 e5 13.Qf3 Be6 14.Rad1 Qa5 15.Bd2 Qc7
16.Qe2 h5 17.h3 g5 18.Na4 Kg7 19.c4 f6 20.Be3 Kg6 21.Qc2 Kf7 22.Bb6 Qc8 23.Ba5 Qf8
24.c5 dxc5 25.Rc1 c4 26.Nb6 Rb8 27.Red1 Kg6 28.Nd7 Qe8 29.Nxb8 Qxb8 30.b3 Qb5
31.Be1 Rb8 32.bxc4 Qb2 33.Qxb2 Rxb2 34.Rd2 Rb4 35.Rdc2 Ra4 36.Bd2 Ba3 37.Rb1 Bxc4
38.Rb6 Bb5 39.f3 Rd4 40.Rb8 Ba4 41.Rc3 Bd6 42.Rb2 Bb4 43.Rxb4 Rxb4 44.Rxc6 Rb1+
45.Rc1 Rb2 46.Bc3 Rxa2 47.Ra1 Rxa1+ 48.Bxa1 Bb5 49.Bc3 Kf7 50.Kf2 Ke6 51.Bb4 Kd7
52.g3 Bd3 53.Ke3 Bc2 54.h4 Kc6 55.Ba5 Kd6 56.Bd8 gxh4  1/2-1/2

[Event "Berliner Sommer"]
[Site "Berlin"]
[Date "1994.??.??"]
[Round "?"]
[White "Kruszynski, Wlodzimierz"]
[Black "Pigusov, Evgeny"]
[Result "0-1"]
[WhiteElo "2375"]
[BlackElo "2575"]

1.e4 c5 2.Nf3 Nc6 3.Bb5 g6 4.Bxc6 dxc6 5.h3 Bg7 6.d3 Nf6 7.Nc3 Nd7 8.Be3 e5
9.Qd2 h6 10.O-O-O Qe7 11.h4 Nf8 12.h5 g5 13.Nh2 Ne6 14.g3 Bd7 15.Ne2 b6 16.f4 exf4
17.gxf4 gxf4 18.Nxf4 Ng5 19.Qg2 O-O-O 20.Nf3 c4 21.Nxg5 hxg5 22.Ne2 cxd3
23.cxd3 g4 24.d4 Kb7 25.h6 Bf8 26.Ng3 f5 27.e5 Qe6 28.Bg5 Rc8 29.Bf6 Rxh6
30.Rxh6 Bxh6+ 31.Kb1 f4 32.Ne4 Bf8 33.Ka1 Qd5 34.Qc2 Be6 35.Nc3 Qd7 36.Qe4 f3
37.a3 Bh6 38.Nb5 Bd5 39.Nd6+ Qxd6 40.exd6 Bxe4 41.d7 g3 42.dxc8=Q+ Kxc8 43.d5 Bc2  0-1

[Event "Bern op"]
[Site "Bern"]
[Date "1994.??.??"]
[Round "9"]
[White "Breyther, Ruediger"]
[Black "Arakhamia, Ketevan"]
[Result "0-1"]
[WhiteElo "2315"]
[BlackElo "2485"]

1.e4 c5 2.Nf3 Nc6 3.Bb5 e6 4.O-O Nge7 5.c3 a6 6.Ba4 b5 7.Bc2 Bb7 8.d4 cxd4
9.Nxd4 Qc7 10.Nd2 Ng6 11.N2f3 Be7 12.a4 Nxd4 13.cxd4 O-O 14.Be3 bxa4 15.Qb1 a3
16.bxa3 Rab8 17.Qd1 f5 18.d5 f4 19.Bd4 e5 20.Bb3 Kh8 21.Rc1 Qd6 22.Bc5 Qf6
23.d6 Bd8 24.Bd5 Bxd5 25.Qxd5 Re8 26.Rb1 Rc8 27.Rb7 Nf8 28.Rfb1 g5 29.Rb8 Rxc5
30.Qxc5 g4 31.Rxd8 Rxd8 32.Nxe5 Qg7 33.Qd5 Re8 34.Nf7+ Kg8 35.e5 Qxf7  0-1

[Event "Wch Seniors"]
[Site "Biel"]
[Date "1994.??.??"]
[Round "2"]
[White "Zhukhovitsky, Samuel"]
[Black "Bhend, Edwin"]
[Result "1/2-1/2"]
[WhiteElo "2395"]
[BlackElo "2310"]

1.e4 c5 2.Nf3 Nc6 3.Bb5 d6 4.c3 Bd7 5.O-O Nf6 6.Re1 e5 7.d4 Be7 8.Nbd2 cxd4
9.cxd4 Qc7 10.a3 O-O 11.Rb1 Qb6 12.Bxc6 Bxc6 13.b4 exd4 14.b5 Bd7 15.a4 Ng4
16.Nc4 Qc7 17.Qxd4 d5 18.Bb2 Bf6 19.e5 Qxc4 20.exf6 Qxd4 21.Bxd4 Nxf6 22.Re7 Rfd8
23.Rbe1 a6 24.Ne5 axb5 25.axb5 Bxb5 26.Rxb7 Be8 27.f3 Ra4 28.Rd1 Rc8 29.Rd2 h6
30.Kf2 Ra6  1/2-1/2

[Event "Wch Seniors"]
[Site "Biel"]
[Date "1994.??.??"]
[Round "6"]
[White "Vasiukov, Evgeni"]
[Black "Bertok, Mario"]
[Result "1-0"]
[WhiteElo "2500"]
[BlackElo "2310"]

1.e4 c5 2.Nf3 Nc6 3.Bb5 g6 4.O-O Bg7 5.Re1 Nf6 6.c3 O-O 7.h3 Ne8 8.d4 cxd4
9.cxd4 Qb6 10.Bxc6 dxc6 11.Nc3 Nc7 12.Re2 Rd8 13.Be3 Qa5 14.Rd2 h6 15.Rc1 Be6
16.Na4 Na6 17.b3 Rd7 18.Nb2 Rad8 19.Nd3 f6 20.Nc5 Nxc5 21.Rxc5 Qb4 22.Qc2 Bf7
23.Re2 Qb6 24.Re1 Re8 25.Rb1 e6 26.b4 a6 27.a4 f5 28.b5 cxb5 29.axb5 fxe4
30.bxa6 Qxa6 31.Qxe4 Rd5 32.Rc7 b5 33.Ne5 Bxe5 34.dxe5 Qa5 35.Ra7 Qc3 36.Qf4 Rf8
37.Qxh6 Qxe5 38.Rba1 Qg7 39.Qh4 g5 40.Qg4 Qg6 41.Rb7 Be8 42.Rc1 Rdf5 43.Rc8 R5f7
44.Rxf7 Bxf7 45.Rc5  1-0

[Event "Wch Seniors"]
[Site "Biel"]
[Date "1994.??.??"]
[Round "10"]
[White "Vatnikov, Josif E"]
[Black "Bhend, Edwin"]
[Result "0-1"]
[WhiteElo "2365"]
[BlackElo "2310"]

1.e4 c5 2.Nf3 Nc6 3.Bb5 g6 4.Bxc6 bxc6 5.O-O Bg7 6.Re1 Nh6 7.Nc3 O-O 8.h3 e5
9.d3 d6 10.Bg5 f6 11.Bd2 Nf7 12.a3 a5 13.Na4 Bd7 14.Bc3 Qc7 15.b3 Rfb8 16.Nd2 Bf8
17.Nf1 Be6 18.Qf3 Qd8 19.Nb2 Rb7 20.a4 Bg7 21.Nc4 d5 22.Ncd2 Ng5 23.Qg3 Bf7
24.Qg4 Ne6 25.g3 Ng5 26.h4 Be6 27.Qe2 Nf7 28.Nh2 Nh6 29.f3 Nf7 30.Qf2 Bf8
31.Rad1 Bd6 32.Re2 Qf8 33.Rde1 h5 34.f4 d4 35.Bb2 exf4 36.gxf4 Qh6 37.f5 gxf5
38.exf5 Bd5 39.Ne4 Kh8 40.Rf1 Ne5 41.Bc1 Qh7 42.Qf4 Nxd3  0-1

[Event "Wch Seniors"]
[Site "Biel"]
[Date "1994.??.??"]
[Round "10"]
[White "Vasiukov, Evgeni"]
[Black "Gurgenidze, Bukhuti"]
[Result "1/2-1/2"]
[WhiteElo "2500"]
[BlackElo "2390"]

1.e4 c5 2.Nf3 Nc6 3.Bb5 Nf6 4.Nc3 d6 5.e5 dxe5 6.Nxe5 Qc7 7.d4 e6 8.Be3 cxd4
9.Qxd4 Bd7 10.Bxc6 Bxc6 11.O-O-O Be7 12.Bf4 Qb6 13.Qxb6 axb6  1/2-1/2

[Event "GER-ch"]
[Site "Binz"]
[Date "1994.??.??"]
[Round "4"]
[White "Maiwald, Jens Uwe"]
[Black "Knuth, Hannes"]
[Result "1-0"]
[WhiteElo "2445"]
[BlackElo "2350"]

1.e4 c5 2.Nf3 Nc6 3.Bb5 g6 4.O-O Bg7 5.Bxc6 bxc6 6.Re1 e5 7.c3 Ne7 8.d4 cxd4
9.cxd4 exd4 10.Nxd4 O-O 11.Nc3 d5 12.exd5 Nxd5 13.Nxc6 Nxc3 14.Qxd8 Rxd8
15.Nxd8 Bd7 16.Nb7 Na4 17.Bf4 Bxb2 18.Rad1 Be6 19.Nd8 Bc3 20.Nxe6 Re8 21.Re4  1-0

[Event "Bled op (Women)"]
[Site "Bled"]
[Date "1994.??.??"]
[Round "?"]
[White "Grabics, Monika"]
[Black "Mihevc, Narcisa"]
[Result "1-0"]
[WhiteElo "2295"]
[BlackElo "2130"]

1.e4 c5 2.Nf3 Nc6 3.Bb5 d6 4.O-O Bd7 5.c3 Nf6 6.Re1 e5 7.d4 a6 8.Bxc6 Bxc6
9.dxe5 Nxe4 10.exd6 Bxd6 11.Qc2 f5 12.Bg5 Qd7 13.Nbd2 O-O 14.Nc4 Nxg5 15.Nxg5 Bc7
16.Rad1 Rae8 17.Ne5 Rxe5 18.Rxe5 Qc8 19.Qb3+ Kh8 20.Re7 h6 21.Ne6 Re8 22.Rxe8+ Bxe8
23.Nxc7 Qxc7 24.Qe6 Bf7 25.Qxf5 Bxa2 26.Qf8+ Kh7 27.Qf5+ Kg8 28.Rd7 Qb6 29.Qd3 Qe6
30.Rd8+ Kf7 31.Qd7+ Kf6 32.Rf8+ Kg6 33.Qd3+ Kg5 34.h4+ Kxh4 35.Rf4+ Kh5 36.g4+ Kh4
37.Rf5  1-0

[Event "Bled op"]
[Site "Bled"]
[Date "1994.??.??"]
[Round "?"]
[White "Grosar, Aljosa"]
[Black "Sveshnikov, Evgeny"]
[Result "0-1"]
[WhiteElo "2435"]
[BlackElo "2585"]

1.e4 c5 2.Nf3 Nc6 3.Bb5 e6 4.O-O Nge7 5.c3 d5 6.exd5 Qxd5 7.Re1 Bd7 8.Na3 Ng6
9.Bf1 Rc8 10.d4 cxd4 11.Nb5 Be7 12.c4 Qc5 13.Nfxd4 Nxd4 14.Nxd4 Qc7 15.Qb3 a6
16.Be3 O-O 17.Rad1 e5 18.Ne2 b5 19.Nc3 Bg4 20.f3 bxc4 21.Bxc4 Qxc4 22.Qxc4 Rxc4
23.fxg4 Bb4 24.h3 Bxc3 25.bxc3 Rxc3 26.Rd6 Ra3 27.Rxg6 hxg6 28.Bc5 Ra5 29.Bb4 Rd5
30.Bxf8 Kxf8 31.Rc1 Ra5 32.Rc8+ Ke7 33.Rc7+ Ke6 34.Rc6+ Kd7 35.Rc2 f5 36.Kf2 f4
37.Kf3 Ra3+ 38.Ke4 Kd6 39.Rd2+ Ke6 40.Re2 g5 41.Re1 Rxa2 42.Rb1 Ra4+ 43.Kf3 e4+
44.Kf2 Ra2+ 45.Kf1 Ke5 46.Rb7 f3 47.gxf3 exf3 48.Rb4 a5 49.Rc4 Kd5 50.Rc7 Ke4
51.Rf7 Ke3  0-1

[Event "Bled op"]
[Site "Bled"]
[Date "1994.??.??"]
[Round "?"]
[White "Loncar, Robert"]
[Black "Muhtarov, Leonid"]
[Result "1-0"]
[WhiteElo "2430"]
[BlackElo "2180"]

1.e4 c5 2.Nf3 Nc6 3.Bb5 Qb6 4.Na3 a6 5.Bxc6 Qxc6 6.O-O b5 7.Re1 d6 8.d4 cxd4
9.Nxd4 Qb7 10.c4 b4 11.Nac2 Nf6 12.a3 e5 13.Nb3 bxa3 14.Na5 Qc7 15.b4 h6
16.Rxa3 Be7 17.Rg3 g6 18.Ne3 Be6 19.Nd5 Nxd5 20.exd5 Bd7 21.c5 h5 22.Nc4 h4
23.Rge3 f6 24.f4 O-O 25.Ba3 Bb5 26.Nb6 Rab8 27.Qg4 Kg7 28.fxe5 fxe5 29.Bb2 Rxb6
30.cxb6 Qxb6 31.h3 Qd8 32.Rf3 Bd7 33.Rxf8 Bxf8 34.Qe2 Qg5 35.Bc1 Qg3 36.Rf1 Bb5
37.Bh6+ Kh7 38.Rf7+ Kxh6 39.Qd2+ g5 40.Rf3 Qxf3 41.gxf3 Kg6 42.Qa2 Kf6 43.Kf2 Kf7
44.Qc2 Kf6 45.Qc8 Kf7 46.Ke3 Bf1 47.Ke4 Kg7 48.Qe8  1-0

[Event "Bled op"]
[Site "Bled"]
[Date "1994.??.??"]
[Round "?"]
[White "Pavasovic, Dusko"]
[Black "Licina, Anita"]
[Result "0-1"]
[WhiteElo "2320"]
[BlackElo "2125"]

1.e4 c5 2.Nf3 Nc6 3.Bb5 Nf6 4.Nc3 g6 5.h3 Nd4 6.e5 Nxb5 7.Nxb5 Nd5 8.c4 Nc7
9.Nxc7+ Qxc7 10.d4 cxd4 11.Qxd4 Bg7 12.O-O O-O 13.Bf4 b6 14.Rfd1 Qc6 15.Rac1 d6
16.Qe3 dxe5 17.Bxe5 f6 18.Bc3 e5 19.Bb4 Re8 20.Rd6 Qa4 21.Qd2 Be6 22.b3 Qa6
23.Qc3 Bf8 24.Rdd1 Bxb4 25.Qxb4 Qxa2 26.Rd2 Qa6 27.Rcd1 Qb7 28.Rd6 Qc7 29.Nd2 Rad8
30.Ne4 Kg7 31.Nc3 Rxd6 32.Rxd6 Kf7 33.Nb5 Qb8 34.Rc6 Rd8 35.Nd6+ Kg7 36.Ne4 Re8
37.Nd6 Rd8 38.Ne4 Re8 39.g4 Qd8 40.Rd6 Qe7 41.Qd2 f5 42.Ng5 Bc8 43.gxf5 Bxf5
44.Kh2 e4 45.h4 e3 46.Qd4+ Qe5+ 47.Qxe5+ Rxe5 48.fxe3 Rxe3 49.Rc6 h6 50.Rc7+ Kf6
51.Nh7+ Ke5 52.Rxa7 Rxb3 53.Rc7 Rh3+ 54.Kg2 Rxh4 55.c5 b5  0-1

[Event "Bled op"]
[Site "Bled"]
[Date "1994.??.??"]
[Round "?"]
[White "Pavasovic, Dusko"]
[Black "Kozul, Zdenko"]
[Result "0-1"]
[WhiteElo "2320"]
[BlackElo "2575"]

1.e4 c5 2.Nf3 Nc6 3.Bb5 Na5 4.b3 Nf6 5.e5 Nd5 6.d4 e6 7.O-O a6 8.Bd3 cxd4
9.Be4 d6 10.Bxd5 exd5 11.exd6 Nc6 12.Re1+ Be6 13.Nxd4 Nxd4 14.Qxd4 Bxd6 15.Qxg7 Kd7
16.Bg5 Rg8 17.Bxd8 Rxg7 18.Bf6 Rg6 19.Bd4 Bh3 20.g3 Rc8 21.c3 Bc5 22.Bxc5 Rxc5
23.Re3 Re6 24.Rxe6 fxe6 25.c4 dxc4 26.Nd2 cxb3 27.Nxb3 Rd5 28.f4 a5 29.Rc1 b6
30.Rc2 a4 31.Nc1 Bf5 32.Rc3 Rd2 33.h3 Bxh3 34.Rd3+ Rxd3 35.Nxd3 Kd6 36.Kf2 Kd5
37.Ke3 b5 38.Ne5 b4 39.Kd2 Bf5 40.Nf3 Bb1  0-1

[Event "Bled op"]
[Site "Bled"]
[Date "1994.??.??"]
[Round "?"]
[White "Pavasovic, Dusko"]
[Black "Erzen, Aljosa"]
[Result "1-0"]
[WhiteElo "2320"]
[BlackElo "2135"]

1.e4 c5 2.Nf3 Nc6 3.Bb5 e6 4.O-O Qb6 5.Bxc6 Qxc6 6.Nc3 Nf6 7.Re1 a6 8.d4 cxd4
9.Nxd4 Qc7 10.e5 Ng8 11.Bf4 Bb4 12.Ne4 Bxe1 13.Nd6+ Kf8 14.Qh5 g6 15.Bh6+ Ke7
16.Qh4+ f6 17.Bg7 g5 18.Bxf6+ Nxf6 19.Qxg5  1-0

[Event "Bled op"]
[Site "Bled"]
[Date "1994.??.??"]
[Round "?"]
[White "Mohr, Georg"]
[Black "Sveshnikov, Evgeny"]
[Result "1/2-1/2"]
[WhiteElo "2420"]
[BlackElo "2585"]

1.e4 c5 2.Nf3 Nc6 3.Bb5 e6 4.Bxc6 bxc6 5.b3 f6 6.O-O Nh6 7.d4 Nf7 8.c4 cxd4
9.Nxd4 Be7 10.Nc3 O-O 11.Bb2 Re8 12.Qd3 c5 13.Nc2 Bb7 14.Rad1 Bc6 15.f4 Qb8
16.Rf2 a6 17.Ne2 d5 18.cxd5 exd5 19.exd5 Bxd5 20.Ne3 Bc6 21.Nc3 Qb7 22.Ncd5 Rad8
23.Rfd2 Bf8 24.Qc4 Rd6 25.Ng4 Bxd5 26.Rxd5 Rxd5 27.Rxd5 Qb5 28.Qxb5 axb5
29.Kf1 Nd6 30.Bxf6 Ra8  1/2-1/2

[Event "Bojnice"]
[Site "Bojnice"]
[Date "1994.??.??"]
[Round "10"]
[White "Huba, Martin"]
[Black "Pinski, Jan"]
[Result "0-1"]
[WhiteElo "2145"]
[BlackElo "2150"]

1.e4 c5 2.Nf3 Nc6 3.Bb5 g6 4.c3 Nf6 5.e5 Nd5 6.O-O Bg7 7.d4 cxd4 8.cxd4 O-O
9.Nc3 Nc7 10.Bc4 d6 11.Bf4 Bg4 12.Re1 Ne6 13.Be3 dxe5 14.d5 Bxf3 15.gxf3 Na5
16.Bf1 Nd4 17.b4 Rc8 18.Rc1 Nc4 19.Kg2 Nb6 20.Nb5 Rxc1 21.Qxc1 Nxd5 22.Nxa7 Nxb4
23.a3 Nbc2 24.Rd1 Qd5 25.Be2 Qa5 26.Bd3 Nxe3+ 27.fxe3 Nxf3 28.Nc8 Nh4+ 29.Kh3 Bf6
30.Be4 Qa6 31.Bd5 b5  0-1

[Event "Bonn GSK"]
[Site "Bonn"]
[Date "1994.??.??"]
[Round "8"]
[White "Kveinys, Aloyzas"]
[Black "Glek, Igor V"]
[Result "1-0"]
[WhiteElo "2520"]
[BlackElo "2590"]

1.e4 c5 2.Nf3 Nc6 3.Bb5 d6 4.O-O Bd7 5.Re1 Nf6 6.h3 Ne5 7.Bxd7+ Nfxd7 8.b3 g6
9.Nxe5 dxe5 10.Bb2 Bg7 11.f4 e6 12.Na3 O-O 13.f5 exf5 14.exf5 gxf5 15.Nc4 f4
16.Nxe5 Nxe5 17.Rxe5 Bxe5 18.Qg4+ Kh8 19.Bxe5+ f6 20.Bc3 Qd6 21.Qf5 Rae8
22.Rf1 Rf7 23.Rxf4 Re1+ 24.Kh2 Re6 25.g4 Kg8 26.Kg3 b5 27.g5 Re1 28.gxf6 b4
29.Bb2 Kf8 30.d3 Qc6 31.Kh4 Rg1 32.Rc4 Rc7 33.Bd4 cxd4 34.Rxc6 Rxc6 35.Qe5  1-0